Statistics for Countries in the 2012 PDC World Darts Championship

Click here to take the quiz!

General Stats

  • This quiz has been taken 21 times
  • The average score is 20 of 24

Answer Stats

PlayersCountry% Correct
4Australia
100%
1Canada
100%
1Denmark
100%
34England
100%
2Germany
100%
1Ireland
100%
6Netherlands
100%
1New Zealand
100%
4Scotland
100%
1United States
100%
2Wales
100%
2Belgium
94%
1Spain
94%
2Austria
88%
1Japan
88%
1Northern Ireland
88%
1Portugal
82%
1South Africa
82%
1Sweden
82%
1Finland
76%
1Hong Kong
41%
1Philippines
41%
1Serbia
41%
1Malaysia
35%

Score Distribution

Percentile by Number Answered

Percent of People with Each Score

Your Score History

You have not taken this quiz